| 000 | nam a22 a 4500 | ||
|---|---|---|---|
| 999 |
_c2482 _d2482 |
||
| 003 | AKMAL | ||
| 005 | 20170516162201.0 | ||
| 008 | 170516s2000 myb 00 may d | ||
| 020 | _a9832106109 (pbk. RM5.90) | ||
| 040 |
_aAKMAL _cAKMAL |
||
| 049 | 0 | 0 | _aklpmal |
| 082 | 0 | 4 |
_a613.284 MIL _221 |
| 090 | 0 | 0 |
_a613.284 _bMIL |
| 090 | 2 | 0 |
_a613.284 _bMIL |
| 100 | 1 |
_aMiller, Bruce, _cDr _95100 |
|
| 245 | 1 | 0 |
_aCholesterol control : _bthe nutrition solution / _cBruce Miller |
| 260 |
_aPetaling Jaya : _bOak Enterprise, _c2000 |
||
| 300 | 0 | 0 |
_a31p. : _bill. ; _c22cm |
| 440 | 0 |
_aBruce Miller's better health series _95150 |
|
| 504 | _aBibliography: p. 29-31 | ||
| 650 | 0 |
_aCholesterol _xHealth aspects _95157 |
|
| 942 |
_2ddc _cBOOK |
||